000 00659nam a2200265Ia 4500
003 OSt
005 20221006142427.0
006 a|||||r|||| 00| 0
007 ta
008 221006b |||||||| |||| 00| 0 eng d
020 _a860917096
_c84.52
024 _a6,352
037 _cTextual
040 _aEASL
_cEASL
_beng
041 _2eng
_aeng
082 _aYv5.I44, L4
100 _aANDERSON Perry
245 0 _aPassages from antiquity to feudalism
260 _aLondon
_bNLB
_c1974
300 _a304p.
_ccm.
490 _v CEL
650 _aCEL
942 _hYv5.I44, L4
_cTEXL
_2CC
999 _c1074438
_d1074438